Normal view
MARC view
- البياتي، محمود مهدي
Entry Personal Name
001 - CONTROL NUMBER
- control field: 28247
003 - CONTROL NUMBER IDENTIFIER
- control field: JO-AjAnu
005 - DATE AND TIME OF LATEST TRANSACTION
- control field: 20230606074804.0
008 - FIXED-LENGTH DATA ELEMENTS
- fixed length control field: 230606|| aca||aabn | a|a d
040 ## - CATALOGING SOURCE
- Original cataloging agency: JO-AjAnu
- Transcribing agency: JO-AjAnu
100 ## - HEADING--PERSONAL NAME
- Personal name: البياتي، محمود مهدي
670 ## - SOURCE DATA FOUND
- Source citation: Work cat.: (JO-AjAnu)14500: البياتي، محمود مهدي, author, الرياضيات وتطبيقاتها في العلوم الادارية والاقتصادية